000 00210 a2200097 4500
001 14727
100 _aMontel P
245 _aEternal Egypt
260 _aLondon
_bWidenfeld & Nicolson
_c
090 _c11508
_d11508
942 _aNUST-CAE
_cM
_c1679
999 _c249800
_d249800